[Event "Nuremberg Zabo op 15th"]
[Site "Nuremberg"]
[Date "2013.09.22"]
[Round "4"]
[White "Nahlik, Bernhard"]
[Black "Woerl, Richard"]
[Result "0-1"]
[WhiteElo "1721"]
[BlackElo "1980"]
[PlyCount "66"]
[EventDate "2013.09.20"]
[EventType "swiss"]
[EventRounds "5"]
[EventCountry "GER"]
[SourceTitle "EXT 2016"]
[Source "ChessBase"]
[SourceDate "2015.10.08"]
[SourceVersion "1"]
[SourceVersionDate "2015.10.08"]
[SourceQuality "1"]

1. d4 Nf6 2. Nf3 b6 3. e3 e6 4. Bd3 d5 5. 0-0 Bd6 6. Nbd2 Bb7 7. Re1 Ne4 8. c4 Nd7 9. b3 0-0 10. Bb2 f5 11. a3 Qf6 12. g3 c5 13. Bf1 cxd4 14. Nxd4 Ne5 15. Ra2 Qh6 16. f4 Ng4 17. N2f3 e5 18. Nb5 Bc5 19. Bc1 a6 20. Nc7 Nc3 21. Qd2 Nxa2 22. Qxa2 Rac8 23. Nxd5 Bxd5 24. cxd5 exf4 25. gxf4 Qxf4 26. Nd4 Bxd4 27. exd4 Rxc1 28. Rxc1 Qxc1 29. d6 Ne3 30. b4+ Kh8 31. Qe2 Qxf1+ 32. Qxf1 Nxf1 33. Kxf1 Rd8 0-1

[Event "Nuremberg Zabo op 15th"]
[Site "Nuremberg"]
[Date "2013.09.21"]
[Round "3"]
[White "Woerl, Richard"]
[Black "Jussupow, Alexander"]
[Result "0-1"]
[WhiteElo "1980"]
[BlackElo "2130"]
[PlyCount "60"]
[EventDate "2013.09.20"]
[EventType "swiss"]
[EventRounds "5"]
[EventCountry "GER"]
[SourceTitle "EXT 2016"]
[Source "ChessBase"]
[SourceDate "2015.10.08"]
[SourceVersion "1"]
[SourceVersionDate "2015.10.08"]
[SourceQuality "1"]

1. e4 e6 2. d4 d5 3. exd5 exd5 4. Nf3 Bd6 5. Bg5 f6 6. Bh4 Ne7 7. Bd3 Nbc6 8. c3 Bg4 9. Nbd2 Qd7 10. Bg3 0-0-0 11. Bxd6 Qxd6 12. 0-0 g5 13. h3 Bd7 14. Re1 h5 15. Re3 g4 16. Nh4 f5 17. Qc2 Qf6 18. g3 f4 19. Re2 Rdg8 20. Kh2 gxh3 21. Rae1 Bg4 22. Ndf3 Bxf3 23. Rxe7 Nxe7 24. Rxe7 Qxe7 25. Nxf3 fxg3+ 26. fxg3 h4 27. g4 Qe3 28. Ng1 Qg3+ 29. Kh1 Kb8 30. Bf5 Re8 0-1

[Event "Nuremberg Zabo op 15th"]
[Site "Nuremberg"]
[Date "2013.09.20"]
[Round "1"]
[White "Woerl, Richard"]
[Black "Nestle, Rainer"]
[Result "1-0"]
[WhiteElo "1980"]
[BlackElo "1496"]
[PlyCount "59"]
[EventDate "2013.09.20"]
[EventType "swiss"]
[EventRounds "5"]
[EventCountry "GER"]
[SourceTitle "EXT 2016"]
[Source "ChessBase"]
[SourceDate "2015.10.08"]
[SourceVersion "1"]
[SourceVersionDate "2015.10.08"]
[SourceQuality "1"]

1. e4 Nc6 2. d4 e5 3. Nf3 exd4 4. Bc4 h6 5. 0-0 Bc5 6. c3 d6 7. cxd4 Bb6 8. h3 Na5 9. Bd3 Nc6 10. Be3 Qf6 11. Nc3 Nge7 12. Na4 Bxd4 13. Bxd4 Nxd4 14. Nxd4 0-0 15. Nf3 Bd7 16. Re1 Ng6 17. e5 dxe5 18. Bxg6 Bxa4 19. Qxa4 Qxg6 20. Rxe5 c6 21. Rae1 Qf6 22. Qb4 b6 23. Qe4 Rad8 24. b3 c5 25. Re7 a6 26. Qb7 b5 27. Rd7 Rb8 28. Qd5 Rbc8 29. Ne5 g5 30. Re3 1-0

[Event "Bad Woerishofen op 29th"]
[Site "Bad Woerishofen"]
[Date "2013.03.08"]
[Round "8"]
[White "Woerl, Richard"]
[Black "Schleich, Theodor"]
[Result "1-0"]
[WhiteElo "2054"]
[BlackElo "2099"]
[PlyCount "63"]
[EventDate "2013.03.01"]
[EventType "swiss"]
[EventRounds "9"]
[EventCountry "GER"]
[SourceTitle "CBM 153 Extra"]
[Source "ChessBase"]
[SourceDate "2013.04.22"]
[SourceVersion "1"]
[SourceVersionDate "2013.04.22"]
[SourceQuality "1"]

1. e4 c5 2. Be2 e6 3. c3 Nc6 4. f4 d5 5. d3 Nf6 6. e5 Nd7 7. Nf3 Be7 8. 0-0 0-0 9. d4 c4 10. Qe1 b5 11. Qg3 Kh8 12. Ng5 Bxg5 13. fxg5 f6 14. g6 hxg6 15. Qh3+ Kg8 16. Qxe6+ Rf7 17. Qxc6 Nb6 18. Bf4 Rc7 19. Qd6 Rd7 20. Qa3 g5 21. Bg3 f5 22. Rxf5 Rb7 23. Rf2 Be6 24. Nd2 a5 25. Bh5 Nd7 26. Raf1 b4 27. cxb4 axb4 28. Qf3 Qe7 29. Bg4 Rxa2 30. Bxe6+ Qxe6 31. Nxc4 Rba7 32. Ne3 1-0

[Event "Mittelfranken-chTB1 1213"]
[Site "Germany"]
[Date "2013.02.11"]
[Round "7.6"]
[White "Woerl, Richard"]
[Black "Vogt, Peter"]
[Result "1-0"]
[WhiteElo "1950"]
[BlackElo "1885"]
[PlyCount "95"]
[EventDate "2012.10.07"]
[EventType "team-tourn"]
[EventRounds "9"]
[EventCountry "GER"]
[SourceTitle "EXT 2019"]
[Source "ChessBase"]
[SourceDate "2018.10.10"]
[SourceVersion "1"]
[SourceVersionDate "2018.10.10"]
[SourceQuality "1"]
[WhiteTeam "Nuernberg Sued SW II"]
[BlackTeam "Schwanstetten"]
[WhiteTeamCountry "GER"]
[BlackTeamCountry "GER"]

1. e4 c5 2. c3 d5 3. exd5 Qxd5 4. d4 cxd4 5. cxd4 Nc6 6. Nf3 e5 7. Nc3 Bb4 8. Bd2 Bxc3 9. Bxc3 e4 10. Ne5 Nxe5 11. dxe5 Ne7 12. Qe2 Bd7 13. Rd1 Qxa2 14. Rxd7 Kxd7 15. Qb5+ Kc8 16. Bc4 Qa6 17. Qc5+ Qc6 18. Qb4 Nd5 19. Bxd5 Qxd5 20. 0-0 a5 21. Qa3 Ra6 22. h3 Re8 23. Qa4 Rxe5 24. Rd1 Qb5 25. Qa2 Rf5 26. Qa3 Qe8 27. b4 Rb5 28. Bd4 Rc6 29. Be3 f5 30. Bg5 Rf6 31. Qe3 Kb8 32. Qf4+ Ka8 33. Qc7 Qe6 34. Rd8+ Ka7 35. Be3+ Rb6 36. Bxb6+ Qxb6 37. Qb8+ Ka6 38. Rd5 Qxb4 39. Qa8+ Kb6 40. Qd8+ Kc6 41. Qd7+ Kb6 42. Qd8+ Ka6 43. Qa8+ Kb6 44. Rd7 Kc5 45. Rxb7 Rb6 46. Qc8+ Kb5 47. Qd7+ Kc5 48. Rc7+ 1-0

[Event "Mittelfranken-chTB1 1213"]
[Site "Germany"]
[Date "2012.12.17"]
[Round "5.5"]
[White "Woerl, Richard"]
[Black "Braun, Michael1111"]
[Result "1-0"]
[WhiteElo "1950"]
[BlackElo "1942"]
[PlyCount "78"]
[EventDate "2012.10.07"]
[EventType "team-tourn"]
[EventRounds "9"]
[EventCountry "GER"]
[SourceTitle "EXT 2019"]
[Source "ChessBase"]
[SourceDate "2018.10.10"]
[SourceVersion "1"]
[SourceVersionDate "2018.10.10"]
[SourceQuality "1"]
[WhiteTeam "Nuernberg Sued SW II"]
[BlackTeam "Buechenbach/Roth"]
[WhiteTeamCountry "GER"]
[BlackTeamCountry "GER"]

1. e4 e5 2. Nf3 Nc6 3. d4 exd4 4. Bc4 Be7 5. 0-0 d6 6. Nxd4 Nxd4 7. Qxd4 Bf6 8. Qd3 Ne7 9. Nc3 Nc6 10. f4 0-0 11. Nd5 Be6 12. c3 Na5 13. Be3 Kh8 14. Bb3 Nxb3 15. axb3 a6 16. Rad1 Bxd5 17. Qxd5 b6 18. Qc6 Qe7 19. e5 Rad8 20. Bxb6 dxe5 21. Bc5 Qe8 22. Rxd8 Bxd8 23. Qd5 Be7 24. fxe5 Qb5 25. b4 Rd8 26. Qxf7 Bxc5+ 27. bxc5 Qxc5+ 28. Kh1 h6 29. e6 Qb5 30. e7 Rb8 31. Rd1 Kh7 32. h3 Qe8 33. Qf5+ Kh8 34. Qe5 Rc8 35. Rf1 Qg8 36. Qf5 Re8 37. Qd7 Kh7 38. Qf5+ g6 39. Qf8 Rxf8 1-0

[Event "Mittelfranken-chTB1 1112"]
[Site "Germany"]
[Date "2012.03.25"]
[Round "9.4"]
[White "Brumm, Carsten"]
[Black "Woerl, Richard"]
[Result "1-0"]
[WhiteElo "2114"]
[BlackElo "1955"]
[PlyCount "87"]
[EventDate "2011.09.25"]
[EventType "team-tourn"]
[EventRounds "9"]
[EventCountry "GER"]
[SourceTitle "EXT 2018"]
[Source "ChessBase"]
[SourceDate "2017.10.13"]
[SourceVersion "1"]
[SourceVersionDate "2017.10.13"]
[SourceQuality "1"]
[WhiteTeam "Erlangen SC II"]
[BlackTeam "Nuernberg Sued SW II"]
[WhiteTeamCountry "GER"]
[BlackTeamCountry "GER"]

1. e4 c5 2. Nf3 Nc6 3. Nc3 d6 4. d4 cxd4 5. Nxd4 e5 6. Nb3 Be7 7. Be3 Nf6 8. f3 0-0 9. Qd2 Be6 10. 0-0-0 Na5 11. g4 Nc4 12. Bxc4 Bxc4 13. g5 Nd7 14. h4 a5 15. Kb1 a4 16. Nc1 Nb6 17. Qf2 Nd7 18. h5 f5 19. gxf6 Nxf6 20. Qg3 Qe8 21. Rdg1 Qf7 22. Bh6 Ne8 23. Bxg7 Qxg7 24. Qf2 Bg5 25. h6 Qg6 26. Rxg5 Qxg5 27. Rg1 Qxg1 28. Qxg1+ Kh8 29. b3 axb3 30. axb3 Be6 31. Nb5 Rf7 32. Nd3 Rd8 33. Qg5 Rdd7 34. f4 exf4 35. Nxf4 Rde7 36. Nxd6 Nxd6 37. Qe5+ Kg8 38. Qxd6 Bd7 39. e5 Kf8 40. Nd5 Bc6 41. Nxe7 Rxe7 42. Qf6+ Ke8 43. e6 Kd8 44. Kb2 1-0

[Event "Bad Woerishofen op 28th"]
[Site "Bad Woerishofen"]
[Date "2012.03.09"]
[Round "8"]
[White "Guttenthaler, Franz"]
[Black "Woerl, Richard"]
[Result "0-1"]
[WhiteElo "2204"]
[BlackElo "2037"]
[PlyCount "138"]
[EventDate "2012.03.02"]
[EventType "swiss"]
[EventRounds "9"]
[EventCountry "GER"]
[SourceTitle "EXT 2019"]
[Source "ChessBase"]
[SourceDate "2018.10.10"]
[SourceVersion "1"]
[SourceVersionDate "2018.10.10"]
[SourceQuality "1"]

1. d4 d5 2. c4 e6 3. Nf3 Nf6 4. g3 c6 5. Bg2 Bd6 6. Qc2 Nbd7 7. 0-0 Ne4 8. Nc3 f5 9. Rb1 Qe7 10. Rd1 0-0 11. Bf4 Ndf6 12. Bxd6 Qxd6 13. Ne5 Bd7 14. b4 Nxc3 15. Qxc3 a6 16. c5 Qc7 17. a4 Rfc8 18. Rd3 Be8 19. h3 Qe7 20. g4 Ne4 21. Bxe4 fxe4 22. Re3 Qg5 23. f3 Bg6 24. Nxg6 Qxg6 25. fxe4 Rf8 26. Qd3 Qh6 27. e5 Rf4 28. Rf3 Rxf3 29. exf3 Qxh3 30. Qf1 Qg3+ 31. Qg2 Qf4 32. Qf2 h5 33. gxh5 Rf8 34. Kf1 Rf5 35. Ke2 Rxh5 36. Rg1 Rh2 37. Rg2 Rxg2 38. Qxg2 Qxd4 39. Qg5 Qxb4 40. Qd8+ Kh7 41. Qd6 Qc4+ 42. Kf2 d4 43. Qe7 Qd5 44. Qg5 Qd7 45. Ke2 d3+ 46. Kd2 Kg8 47. Qg6 a5 48. f4 Qf7 49. Qg5 Qf8 50. Qg4 Qf5 51. Qh4 Kf7 52. Ke3 Ke8 53. Qh8+ Qf8 54. Qh7 d2 55. Qh5+ Kd7 56. Kxd2 Qxf4+ 57. Kc3 Qb4+ 58. Kd3 Qxc5 59. Qf7+ Qe7 60. Qf4 Kc7 61. Ke2 g5 62. Qc4 Qd7 63. Qc5 Qd5 64. Qe7+ Kb6 65. Qxg5 Qc4+ 66. Kd2 Qxa4 67. Qd8+ Ka7 68. Qc7 Qb4+ 69. Kc2 a4 0-1

[Event "Bad Woerishofen op 28th"]
[Site "Bad Woerishofen"]
[Date "2012.03.07"]
[Round "6"]
[White "Rahls, Peter"]
[Black "Woerl, Richard"]
[Result "0-1"]
[WhiteElo "2235"]
[BlackElo "2037"]
[PlyCount "92"]
[EventDate "2012.03.02"]
[EventType "swiss"]
[EventRounds "9"]
[EventCountry "GER"]
[SourceTitle "EXT 2019"]
[Source "ChessBase"]
[SourceDate "2018.10.10"]
[SourceVersion "1"]
[SourceVersionDate "2018.10.10"]
[SourceQuality "1"]

1. e4 c5 2. c3 e6 3. Nf3 Ne7 4. a3 Nbc6 5. b4 Ng6 6. bxc5 Bxc5 7. d4 Bb6 8. Bd3 d6 9. h4 e5 10. h5 Nge7 11. Be3 Bg4 12. d5 Nb8 13. Bxb6 Qxb6 14. Nbd2 0-0 15. Rb1 Qc7 16. Qb3 b6 17. h6 g6 18. 0-0 Nd7 19. Nh2 Nc5 20. Qc2 Bd7 21. Be2 f5 22. exf5 Bxf5 23. Qa2 Ne4 24. Nxe4 Bxe4 25. Rbc1 Qc5 26. c4 Nf5 27. Bg4 Nxh6 28. Be6+ Kg7 29. Rc3 Bf5 30. Qd2 Rae8 31. Bxf5 Rxf5 32. Rh3 Ng8 33. Ng4 h5 34. Ne3 Rf4 35. g3 Rf3 36. Ng2 Qd4 37. Qe1 Nh6 38. Nh4 Rf6 39. Ng2 Ref8 40. Rh4 Qc5 41. Ne3 Nf5 42. Nxf5+ Rxf5 43. Re4 Rf3 44. Kg2 Qxa3 45. g4 R3f4 46. gxh5 Qf3+ 0-1